000 00903nam a2200253Ia 4500
003 OSt
005 20220923213232.0
006 a|||||r|||| 00| 0
007 ta
008 220922b |||||||| |||| 00| 0 hin d
024 _a160,095
037 _cTextual
040 _aARTS
_cARTS
_bhin
041 _2hin
_ahin
082 _aO152,1:g(X:3M24), L4
100 _aवर्मा, जनेश्वर
_9156279
245 0 _aहिन्दी काव्य में मार्क्सवादी चेतना
246 _aHindī kāvya mean mārksavādī chetanā
260 _aकानपुर
_b ग्रन्थम प्रकाशन
_c1974
300 _a519 पृ.
_ccm.
650 _aहिन्दी साहित्य
_9156264
942 _hO152,1:g(X:3M24), L4
_cTEXL
_2CC
999 _c314842
_d314842